[Event "Liepajas Rokade op"]
[Site "Liepaja"]
[Date "2018.08.03"]
[Round "11"]
[White "Kulaots, Kaido"]
[Black "Pileckis, Emilis"]
[Result "1-0"]
[WhiteElo "2554"]
[BlackElo "2430"]
[PlyCount "33"]
[EventDate "2018.08.02"]
[EventType "swiss (rapid)"]
[EventRounds "13"]
[EventCountry "LAT"]
[SourceTitle "CBM 185 Extra"]
[Source "ChessBase"]
[SourceDate "2018.07.29"]
[SourceVersion "1"]
[SourceVersionDate "2018.07.29"]
[SourceQuality "1"]

1. e4 c5 2. Nc3 Nc6 3. Bb5 Nd4 4. Nf3 Nxb5 5. Nxb5 a6 6. Nc3 e6 7. d4 cxd4 8. Qxd4 b5 9. Bf4 b4 10. Na4 Qa5 11. Nb6 Bc5 12. Qxg7 Qxb6 13. Qxh8 Bxf2+ 14. Ke2 a5 15. Qxg8+ Ke7 16. Bg5+ f6 17. Bxf6+ 1-0

[Event "Liepajas Rokade op"]
[Site "Liepaja"]
[Date "2018.08.02"]
[Round "5"]
[White "Pileckis, Emilis"]
[Black "Mustaps, Matiss"]
[Result "1/2-1/2"]
[WhiteElo "2430"]
[BlackElo "2333"]
[PlyCount "101"]
[EventDate "2018.08.02"]
[EventType "swiss (rapid)"]
[EventRounds "13"]
[EventCountry "LAT"]
[SourceTitle "CBM 185 Extra"]
[Source "ChessBase"]
[SourceDate "2018.07.29"]
[SourceVersion "1"]
[SourceVersionDate "2018.07.29"]
[SourceQuality "1"]

1. Nf3 Nf6 2. c4 g6 3. Nc3 Bg7 4. g3 0-0 5. Bg2 d6 6. 0-0 a6 7. Rb1 c5 8. b4 Nc6 9. bxc5 dxc5 10. d3 Qd6 11. Ng5 Qc7 12. Bf4 e5 13. Be3 Nd4 14. Nge4 Nxe4 15. Bxe4 Rb8 16. Nd5 Qd8 17. Bxd4 exd4 18. Rb6 Bd7 19. Qd2 Bc6 20. Rfb1 Be5 21. Bf3 Kg7 22. h4 h6 23. Nf4 Bc7 24. R6b3 Bxf3 25. exf3 Bxf4 26. Qxf4 b6 27. a4 Re8 28. a5 Re6 29. Kg2 Rb7 30. h5 gxh5 31. Qf5 h4 32. Qd5 Rd7 33. Qf5 hxg3 34. Rxb6 gxf2 35. Rxe6 fxe6 36. Qxe6 Qg5+ 37. Qg4 Qxg4+ 38. fxg4 Rf7 39. Kf1 Kg6 40. Rb6+ Kg5 41. Rxa6 Kxg4 42. Rxh6 Kg3 43. a6 Re7 44. Rg6+ Kf3 45. Rf6+ Ke3 46. Rf5 Kxd3 47. Rxc5 Kc2 48. Ra5 d3 49. a7 d2 50. Ra2+ Kc3 51. Rxd2 1/2-1/2

[Event "LTU-ch sf"]
[Site "Vilnius"]
[Date "2016.03.09"]
[Round "5"]
[White "Pileckis, Emilis"]
[Black "Sakalauskas, Vaidas"]
[Result "1-0"]
[WhiteElo "2428"]
[BlackElo "2383"]
[PlyCount "101"]
[EventDate "2016.03.06"]
[EventType "swiss"]
[EventRounds "8"]
[EventCountry "LTU"]
[SourceTitle "CBM 171 Extra"]
[Source "ChessBase"]
[SourceDate "2016.04.26"]
[SourceVersion "1"]
[SourceVersionDate "2016.04.26"]
[SourceQuality "1"]

1. e4 Nf6 2. e5 Nd5 3. d4 d6 4. c4 Nb6 5. exd6 exd6 6. Nf3 Be7 7. Be3 0-0 8. Nc3 Bf6 9. h3 Nc6 10. b3 Re8 11. Be2 Bf5 12. 0-0 d5 13. c5 Nc8 14. Nh2 Be6 15. Ng4 Bxg4 16. Bxg4 N8e7 17. Qd3 g6 18. Rab1 Bg7 19. Rfd1 h5 20. Bf3 Qd7 21. b4 Nd8 22. b5 Ne6 23. Rb4 Bf6 24. Qd2 b6 25. g4 hxg4 26. hxg4 Rad8 27. Kg2 g5 28. Rh1 Kg7 29. c6 Qd6 30. Ne2 Rh8 31. Rxh8 Rxh8 32. Ng3 Kf8 33. Ra4 Ng6 34. Kf1 Nh4 35. Bh1 Ng6 36. Bg2 Nef4 37. Rxa7 Qe6 38. Ra8+ Kg7 39. Nf5+ Kh7 40. Rxh8+ Kxh8 41. Bf3 Qe8 42. Qb4 Qd8 43. a4 Ne6 44. a5 bxa5 45. Qxa5 Nh4 46. Nxh4 gxh4 47. b6 cxb6 48. Qxd5 Qc7 49. Qf5 Bg7 50. d5 Nd4 51. Qd7 1-0

[Event "LTU-ch sf"]
[Site "Vilnius"]
[Date "2016.03.07"]
[Round "3"]
[White "Pileckis, Emilis"]
[Black "Brazdzionis, Andrius"]
[Result "1/2-1/2"]
[WhiteElo "2428"]
[BlackElo "2283"]
[PlyCount "51"]
[EventDate "2016.03.06"]
[EventType "swiss"]
[EventRounds "8"]
[EventCountry "LTU"]
[SourceTitle "CBM 171 Extra"]
[Source "ChessBase"]
[SourceDate "2016.04.26"]
[SourceVersion "1"]
[SourceVersionDate "2016.04.26"]
[SourceQuality "1"]

1. Nf3 Nf6 2. c4 e6 3. Nc3 d5 4. d4 Bb4 5. Qa4+ Nc6 6. cxd5 exd5 7. Bg5 h6 8. Bxf6 Qxf6 9. e3 0-0 10. Qb3 Be6 11. Rc1 a6 12. Bd3 Rad8 13. 0-0 Bd6 14. Rfd1 Rfe8 15. Na4 g5 16. Nc5 Bc8 17. a3 g4 18. Nd2 Bxh2+ 19. Kxh2 Qxf2 20. Kh1 Ne5 21. Nf1 Nf3 22. gxf3 g3 23. Nxg3 Qxf3+ 24. Kh2 Qf2+ 25. Kh1 Qf3+ 26. Kh2 1/2-1/2

[Event "LTU-ch sf"]
[Site "Vilnius"]
[Date "2016.03.06"]
[Round "1"]
[White "Pileckis, Emilis"]
[Black "Zukauskas, Arnas Povilas"]
[Result "1-0"]
[WhiteElo "2428"]
[BlackElo "1932"]
[PlyCount "63"]
[EventDate "2016.03.06"]
[EventType "swiss"]
[EventRounds "8"]
[EventCountry "LTU"]
[SourceTitle "CBM 171 Extra"]
[Source "ChessBase"]
[SourceDate "2016.04.26"]
[SourceVersion "1"]
[SourceVersionDate "2016.04.26"]
[SourceQuality "1"]

1. Nf3 Nf6 2. c4 e6 3. Nc3 d5 4. d4 Bb4 5. Qb3 Nc6 6. Bg5 0-0 7. e3 Bxc3+ 8. bxc3 Na5 9. Qb4 Nxc4 10. Bxc4 dxc4 11. Bxf6 gxf6 12. Qxc4 b6 13. Qe2 Bb7 14. e4 Qe7 15. 0-0 Rfd8 16. Rfe1 Rac8 17. a4 c5 18. a5 cxd4 19. cxd4 Bc6 20. Qb2 Rb8 21. Qc1 Rbc8 22. Qh6 Kh8 23. d5 Ba8 24. axb6 axb6 25. Nh4 Rg8 26. d6 Qd8 27. Ra7 Rg7 28. Rd1 Bxe4 29. Re7 Bg6 30. d7 Rg8 31. Nxg6+ Rxg6 32. dxc8Q 1-0

[Event "Panevezys op 27th"]
[Site "Panevezys"]
[Date "2014.09.09"]
[Round "6"]
[White "Laurusas, Tomas"]
[Black "Pileckis, Emilis"]
[Result "1/2-1/2"]
[WhiteElo "2440"]
[BlackElo "2440"]
[PlyCount "122"]
[EventDate "2014.09.05"]
[EventType "swiss"]
[EventRounds "9"]
[EventCountry "LTU"]
[SourceTitle "CBM 162 Extra"]
[Source "ChessBase"]
[SourceDate "2014.10.17"]
[SourceVersion "1"]
[SourceVersionDate "2014.10.17"]
[SourceQuality "1"]

1. d4 d5 2. c4 e6 3. Nc3 c5 4. cxd5 exd5 5. Nf3 Nc6 6. Bg5 f6 7. Bf4 g5 8. Bg3 g4 9. Nd2 Nxd4 10. e3 Nc6 11. e4 Nge7 12. Nb5 Ne5 13. Nc4 Bg7 14. Nbd6+ Kf8 15. exd5 N7g6 16. Be2 f5 17. f3 Nxc4 18. Nxc4 Bd4 19. Qd2 Kg7 20. 0-0-0 Rf8 21. Rhf1 Qxd5 22. fxg4 b5 23. Bf2 fxg4 24. Bxd4+ cxd4 25. Rxf8 Kxf8 26. Qb4+ Kg8 27. Nd6 Be6 28. Rxd4 Qxg2 29. Bxg4 Bxg4 30. Rxg4 Qh1+ 31. Kc2 Qxh2+ 32. Kc1 Qh1+ 33. Kc2 Qc6+ 34. Kb1 Rf8 35. Rg1 a6 36. a3 Qd5 37. Ne4 Qd3+ 38. Ka2 Rf7 39. Rc1 Kg7 40. Nc5 Qd5+ 41. Ka1 Rf6 42. Qc3 Qe5 43. Qh3 h5 44. Qc8 Qf4 45. Rc3 b4 46. Qb7+ Kh6 47. axb4 h4 48. Ka2 Qg4 49. Ka3 Rf1 50. Qd5 h3 51. Ne4 Rd1 52. Nf2 Qxb4+ 53. Kxb4 Rxd5 54. Rxh3+ Kg7 55. Ra3 Rb5+ 56. Kc3 a5 57. Nd3 Ne5 58. Nf4 Rxb2 59. Rxa5 Rf2 60. Nh5+ Kg6 61. Rxe5 Rf5 1/2-1/2

[Event "Riga Tech op 4th"]
[Site "Riga"]
[Date "2014.08.19"]
[Round "4"]
[White "Pileckis, Emilis"]
[Black "Fridman, Daniel"]
[Result "1/2-1/2"]
[WhiteElo "2447"]
[BlackElo "2639"]
[PlyCount "173"]
[EventDate "2014.08.16"]
[EventType "swiss"]
[EventRounds "9"]
[EventCountry "LAT"]
[SourceTitle "CBM 161 Extra"]
[Source "ChessBase"]
[SourceDate "2014.08.29"]
[SourceVersion "1"]
[SourceVersionDate "2014.08.29"]
[SourceQuality "1"]

1. Nf3 Nf6 2. c4 e6 3. Nc3 d5 4. d4 c5 5. e3 cxd4 6. exd4 Bb4 7. Bd3 dxc4 8. Bxc4 0-0 9. 0-0 Bxc3 10. bxc3 Qc7 11. Qd3 Nbd7 12. Bg5 b6 13. Bh4 Nh5 14. Bb3 Bb7 15. Rac1 Rac8 16. Rfe1 h6 17. Qe3 Qf4 18. Be7 Rfe8 19. Ba3 b5 20. Nd2 Ndf6 21. Bd1 Nd5 22. Qd3 Nhf6 23. g3 Qc7 24. Bf3 Qa5 25. Bb4 Qa6 26. Bc5 Nd7 27. Ne4 Red8 28. Rb1 Ba8 29. a4 Qxa4 30. Ra1 Qc4 31. Qxc4 bxc4 32. Rxa7 Nxc5 33. dxc5 f5 34. Nd6 Rxc5 35. Nf7 Rdc8 36. Nd6 Rb8 37. Kg2 f4 38. Rxe6 Ne3+ 39. fxe3 Rb2+ 40. Kf1 Bxf3 41. Rg6 Kh8 42. Raxg7 Bd5 43. Nf5 Rc6 44. exf4 Rxh2 45. Rxc6 Bxc6 46. Rg6 Bd7 47. Ne3 Kh7 48. Rd6 Bh3+ 49. Ke1 Rh1+ 50. Ke2 Rc1 51. Nd5 Kg7 52. Kf3 Rc2 53. Ne3 Rxc3 54. Rc6 Bg2+ 55. Kxg2 Rxe3 56. Rxc4 Re1 57. Kh3 Re7 58. Kg4 Rf7 59. Rc5 Kg6 60. f5+ Kh7 61. Kh5 Rg7 62. g4 Rg5+ 63. Kh4 Kg7 64. Rc7+ Kg8 65. Rb7 Kh8 66. Ra7 Kg8 67. Rc7 Kh8 68. Rc6 Kg7 69. Rd6 Kh7 70. Rd5 Kg7 71. Rb5 Kh7 72. Rb4 Kg7 73. Rb7+ Kg8 74. Ra7 Kh8 75. Kg3 h5 76. Kf4 Rxg4+ 77. Ke5 Rb4 78. Ke6 Rb6+ 79. Kf7 Kh7 80. f6 Rb8 81. Ke6+ Kg8 82. Rg7+ Kf8 83. Rf7+ Kg8 84. Rd7 Kf8 85. Rh7 Rb6+ 86. Kf5 Rb1 87. Rxh5 1/2-1/2

[Event "Olympiad-41"]
[Site "Tromsoe"]
[Date "2014.08.09"]
[Round "7.4"]
[White "Stupak, Kirill"]
[Black "Pileckis, Emilis"]
[Result "1-0"]
[WhiteElo "2514"]
[BlackElo "2447"]
[PlyCount "131"]
[EventDate "2014.08.02"]
[EventType "team-swiss"]
[EventRounds "11"]
[EventCountry "NOR"]
[SourceTitle "CBM 162"]
[Source "ChessBase"]
[SourceDate "2014.09.17"]
[SourceVersion "1"]
[SourceVersionDate "2014.09.17"]
[SourceQuality "1"]
[WhiteTeam "Belarus"]
[BlackTeam "Lithuania"]
[WhiteTeamCountry "BLR"]
[BlackTeamCountry "LTU"]

1. d4 Nf6 2. c4 e6 3. g3 d5 4. Nf3 Be7 5. Bg2 0-0 6. 0-0 dxc4 7. Ne5 Nc6 8. Nxc6 bxc6 9. Na3 Bxa3 10. bxa3 Nd5 11. Qa4 Nc3 12. Qc2 Nb5 13. e3 Nd6 14. a4 Qg5 15. Qc3 Qf5 16. Ba3 Rd8 17. Rab1 Bd7 18. Rfe1 Ne4 19. Qc2 Nd6 20. e4 Qg6 21. Rbc1 Be8 22. Qc3 f6 23. e5 Nf5 24. Bc5 fxe5 25. dxe5 a5 26. Qxc4 Rd2 27. Rcd1 Rad8 28. Qc1 R2d3 29. Rxd3 Rxd3 30. Be4 Rd8 31. Rd1 Rb8 32. Ba3 h5 33. f3 Qf7 34. Qc5 Ra8 35. Bc2 Qg6 36. Kf2 Qf7 37. h3 Bd7 38. Be4 Be8 39. Bc2 Nh6 40. Qe7 Qxe7 41. Bxe7 Rb8 42. Bb3 Kf7 43. Bd8 Rb7 44. g4 Kf8 45. Bh4 Nf7 46. Bg3 h4 47. Bxh4 Nxe5 48. Bg3 Nd7 49. Rc1 Nb6 50. Rc5 Ra7 51. Bf4 Ke7 52. Bd2 Kd6 53. Rxa5 Rxa5 54. Bxa5 Nd5 55. Bd2 c5 56. h4 c4 57. Bxc4 Bxa4 58. h5 Ke7 59. Bc1 c6 60. Bb2 Kf7 61. Bd4 Bc2 62. Ke2 Ba4 63. Kd2 Kf8 64. Bd3 Kg8 65. Be4 Nb4 66. g5 1-0

[Event "Olympiad-41"]
[Site "Tromsoe"]
[Date "2014.08.02"]
[Round "1.4"]
[White "Pileckis, Emilis"]
[Black "Maccapani, Massimiliano"]
[Result "1-0"]
[WhiteElo "2447"]
[BlackElo "2032"]
[PlyCount "33"]
[EventDate "2014.08.02"]
[EventType "team-swiss"]
[EventRounds "11"]
[EventCountry "NOR"]
[SourceTitle "CBM 162"]
[Source "ChessBase"]
[SourceDate "2014.09.17"]
[SourceVersion "1"]
[SourceVersionDate "2014.09.17"]
[SourceQuality "1"]
[WhiteTeam "Lithuania"]
[BlackTeam "San Marino"]
[WhiteTeamCountry "LTU"]
[BlackTeamCountry "SMR"]

1. Nf3 e6 2. c4 b6 3. g3 Bb7 4. Bg2 f5 5. 0-0 Nf6 6. d4 Be7 7. d5 Qc8 8. Nd4 exd5 9. cxd5 g6 10. Bh6 Ng4 11. Bf4 g5 12. Bd2 0-0 13. e4 Bc5 14. Nxf5 Nxf2 15. Rxf2 Bxf2+ 16. Kxf2 h6 17. Bc3 1-0

[Event "LTU-ch"]
[Site "Vilnius"]
[Date "2014.04.28"]
[Round "6"]
[White "Laurusas, Tomas"]
[Black "Pileckis, Emilis"]
[Result "1/2-1/2"]
[WhiteElo "2418"]
[BlackElo "2461"]
[PlyCount "214"]
[EventDate "2014.04.24"]
[EventType "tourn"]
[EventRounds "9"]
[EventCountry "LTU"]
[EventCategory "6"]
[SourceTitle "CBM 160 Extra"]
[Source "ChessBase"]
[SourceDate "2014.07.01"]
[SourceVersion "1"]
[SourceVersionDate "2014.07.01"]
[SourceQuality "1"]

1. d4 Nf6 2. c4 e6 3. Nf3 b6 4. a3 Ba6 5. Qb3 c5 6. d5 exd5 7. cxd5 g6 8. Nc3 Bg7 9. Bf4 0-0 10. e3 Bxf1 11. Kxf1 d6 12. Nd2 Nh5 13. Bg3 Qe7 14. Nc4 Rd8 15. Rd1 Nxg3+ 16. hxg3 Nd7 17. Rh4 f5 18. a4 Bf6 19. Rh1 a6 20. Ke2 Rab8 21. Rd2 Rdc8 22. Ra1 Bg7 23. Kf1 Ne5 24. Nxe5 Bxe5 25. Qc4 Qb7 26. g4 b5 27. Qe2 c4 28. gxf5 gxf5 29. Rc1 Rc5 30. Qf3 Rf8 31. axb5 axb5 32. Ne2 Qf7 33. Nf4 Bxf4 34. Qxf4 Rxd5 35. Rcd1 Rxd2 36. Rxd2 d5 37. Qg3+ Qg6 38. Qe5 b4 39. Qxd5+ Qf7 40. Qxf7+ Kxf7 41. Rd4 Rc8 42. Ke2 Ke6 43. Kd2 Rc7 44. Kc2 Rg7 45. g3 Rg4 46. Rd8 h5 47. Rb8 h4 48. gxh4 Rg2 49. Rxb4 Rxf2+ 50. Kc3 Re2 51. Kd4 Kf6 52. Rb6+ Kg7 53. Rb5 Kf6 54. h5 Rc2 55. Rb6+ Kg7 56. Rb7+ Kh6 57. Rb5 Kxh5 58. Rxf5+ Kg6 59. Rb5 Kf6 60. e4 Ke6 61. Rb6+ Ke7 62. e5 Rc1 63. Kd5 c3 64. Rb7+ Kf8 65. bxc3 Rxc3 66. Kd6 Rd3+ 67. Ke6 Re3 68. Rb8+ Kg7 69. Kd6 Kf7 70. Rb7+ Ke8 71. Rh7 Re1 72. Ke6 Kf8 73. Rh8+ Kg7 74. Re8 Re2 75. Kd7 Rd2+ 76. Ke7 Ra2 77. Rd8 Ra7+ 78. Rd7 Ra8 79. e6 Rb8 80. Ra7 Rc8 81. Kd7 Rb8 82. Kc7 Rb3 83. Kd6+ Kf6 84. Rf7+ Kg6 85. Rf2 Rb6+ 86. Kd7 Rb7+ 87. Kd8 Rb8+ 88. Kc7 Ra8 89. e7 Ra7+ 90. Kd6 Ra6+ 91. Kd5 Ra5+ 92. Kc6 Ra6+ 93. Kd5 Ra5+ 94. Kd4 Ra4+ 95. Kd3 Ra3+ 96. Kd2 Ra2+ 97. Kd1 Ra1+ 98. Kd2 Ra2+ 99. Ke3 Ra3+ 100. Kd4 Ra4+ 101. Ke5 Ra5+ 102. Ke6 Ra6+ 103. Kd7 Ra7+ 104. Kd6 Ra6+ 105. Ke5 Ra5+ 106. Kf4 Ra4+ 107. Kg3 Re4 1/2-1/2

[Event "LTU-ch"]
[Site "Vilnius"]
[Date "2014.04.27"]
[Round "5"]
[White "Pileckis, Emilis"]
[Black "Malisauskas, Vidmantas"]
[Result "1/2-1/2"]
[WhiteElo "2461"]
[BlackElo "2436"]
[PlyCount "57"]
[EventDate "2014.04.24"]
[EventType "tourn"]
[EventRounds "9"]
[EventCountry "LTU"]
[EventCategory "6"]
[SourceTitle "CBM 160 Extra"]
[Source "ChessBase"]
[SourceDate "2014.07.01"]
[SourceVersion "1"]
[SourceVersionDate "2014.07.01"]
[SourceQuality "1"]

1. Nf3 g6 2. c4 Bg7 3. Nc3 c5 4. g3 Nc6 5. Bg2 e6 6. e3 Nge7 7. 0-0 d5 8. cxd5 Nxd5 9. Nxd5 exd5 10. d4 cxd4 11. Nxd4 Nxd4 12. exd4 Be6 13. Bf4 0-0 14. Be5 f6 15. Bf4 Qb6 16. Re1 Bf7 17. Rc1 Rfe8 18. Rxe8+ Rxe8 19. Qa4 Qxb2 20. h4 g5 21. Be3 gxh4 22. gxh4 Bf8 23. Qd1 Qb6 24. Qg4+ Kh8 25. Qd7 Re7 26. Qc8 Re8 27. Qd7 Re7 28. Qc8 Re8 29. Qd7 1/2-1/2

[Event "LTU-ch"]
[Site "Vilnius"]
[Date "2014.04.26"]
[Round "4"]
[White "Kveinys, Aloyzas"]
[Black "Pileckis, Emilis"]
[Result "1-0"]
[WhiteElo "2543"]
[BlackElo "2461"]
[PlyCount "93"]
[EventDate "2014.04.24"]
[EventType "tourn"]
[EventRounds "9"]
[EventCountry "LTU"]
[EventCategory "6"]
[SourceTitle "CBM 160 Extra"]
[Source "ChessBase"]
[SourceDate "2014.07.01"]
[SourceVersion "1"]
[SourceVersionDate "2014.07.01"]
[SourceQuality "1"]

1. Nf3 Nf6 2. c4 e6 3. g3 d5 4. Bg2 Be7 5. d4 0-0 6. 0-0 dxc4 7. Qc2 a6 8. a4 Nc6 9. Qxc4 Nb4 10. Bd2 a5 11. Rc1 c6 12. Ne5 Nd7 13. Nxd7 Bxd7 14. Nc3 Rc8 15. Ne4 b6 16. Bf4 Be8 17. Rd1 Qd7 18. Ng5 h6 19. Nf3 f6 20. e4 Bf7 21. Qe2 Rfd8 22. h3 Qe8 23. Be3 c5 24. e5 Nc2 25. exf6 Bxf6 26. Qxc2 cxd4 27. Qb3 dxe3 28. fxe3 Rxd1+ 29. Rxd1 e5 30. Qxb6 e4 31. Nd4 Qxa4 32. Rf1 Bxd4 33. exd4 Re8 34. Re1 Bd5 35. Qc5 Qb3 36. Qxa5 Rc8 37. Qa3 Qc2 38. Qe3 Qxb2 39. Bxe4 Bxe4 40. Qxe4 Rd8 41. Rd1 Qb3 42. Qd3 Qd5 43. Qe2 Qf5 44. h4 Qd5 45. Rd2 Ra8 46. Kh2 Re8 47. Qxe8+ 1-0

[Event "LTU-ch"]
[Site "Vilnius"]
[Date "2014.04.24"]
[Round "1"]
[White "Pileckis, Emilis"]
[Black "Stremavicius, Titas"]
[Result "1-0"]
[WhiteElo "2461"]
[BlackElo "2284"]
[PlyCount "77"]
[EventDate "2014.04.24"]
[EventType "tourn"]
[EventRounds "9"]
[EventCountry "LTU"]
[EventCategory "6"]
[SourceTitle "CBM 160 Extra"]
[Source "ChessBase"]
[SourceDate "2014.07.01"]
[SourceVersion "1"]
[SourceVersionDate "2014.07.01"]
[SourceQuality "1"]

1. Nf3 f5 2. c4 Nf6 3. Nc3 g6 4. d4 Bg7 5. g3 d6 6. Bg2 0-0 7. 0-0 Nc6 8. d5 Na5 9. Qd3 e5 10. dxe6 Bxe6 11. b3 Nc6 12. Bb2 Nd7 13. Qd2 Kh8 14. Nd5 Nde5 15. Ng5 Bg8 16. Rad1 h6 17. Nf3 Kh7 18. Nh4 Bxd5 19. cxd5 Ne7 20. e4 Qd7 21. f4 Ng4 22. Bxg7 Kxg7 23. Qd4+ Kh7 24. e5 dxe5 25. fxe5 h5 26. h3 Nh6 27. Nf3 Nc8 28. Ng5+ Kh8 29. d6 Nb6 30. e6+ Qg7 31. Qxg7+ Kxg7 32. e7 Rfe8 33. Ne6+ Kf7 34. Nxc7 Rab8 35. Rfe1 Ng8 36. Nxe8 Kxe8 37. Re6 Nd7 38. Rxg6 Ngf6 39. Bd5 1-0

[Event "LTU-ch sf"]
[Site "Vilnius"]
[Date "2014.02.20"]
[Round "5"]
[White "Pileckis, Emilis"]
[Black "Kaunas, Kestutis"]
[Result "1-0"]
[WhiteElo "2457"]
[BlackElo "2210"]
[PlyCount "83"]
[EventDate "2014.02.17"]
[EventType "swiss"]
[EventRounds "8"]
[EventCountry "LTU"]
[SourceTitle "CBM 158 Extra"]
[Source "ChessBase"]
[SourceDate "2014.02.28"]
[SourceVersion "1"]
[SourceVersionDate "2014.02.28"]
[SourceQuality "1"]

1. Nf3 Nf6 2. c4 c6 3. Nc3 d5 4. d4 dxc4 5. a4 Bf5 6. Nh4 Bc8 7. e3 e5 8. Bxc4 exd4 9. exd4 Bd6 10. 0-0 0-0 11. Bg5 h6 12. Bxf6 Qxf6 13. g3 Bf5 14. Qf3 Bh7 15. Qxf6 gxf6 16. Rfd1 Re8 17. Bd3 Na6 18. Bxh7+ Kxh7 19. Nf5 Rad8 20. d5 Be5 21. dxc6 bxc6 22. f4 Bxc3 23. bxc3 Nc5 24. a5 h5 25. Rab1 Rxd1+ 26. Rxd1 Re6 27. Kf1 Nb3 28. Rd7 Nxa5 29. Kf2 Nc4 30. Nd4 Re3 31. Rxf7+ Kg6 32. Rxa7 Rxc3 33. f5+ Kh6 34. Rf7 Ne5 35. Rxf6+ Kg5 36. Rf8 Rd3 37. Ne6+ Kg4 38. h3+ Kxh3 39. Nf4+ Kg4 40. Nxd3 Nxd3+ 41. Ke3 Nc5 42. Kd4 1-0

[Event "LTU-ch sf"]
[Site "Vilnius"]
[Date "2014.02.18"]
[Round "3"]
[White "Pileckis, Emilis"]
[Black "Martinkus, Rolandas"]
[Result "1-0"]
[WhiteElo "2457"]
[BlackElo "2176"]
[PlyCount "73"]
[EventDate "2014.02.17"]
[EventType "swiss"]
[EventRounds "8"]
[EventCountry "LTU"]
[SourceTitle "CBM 158 Extra"]
[Source "ChessBase"]
[SourceDate "2014.02.28"]
[SourceVersion "1"]
[SourceVersionDate "2014.02.28"]
[SourceQuality "1"]

1. Nf3 d6 2. d4 Nd7 3. c4 e5 4. Nc3 Ngf6 5. Bg5 Be7 6. e3 0-0 7. Qc2 Ne8 8. Bxe7 Qxe7 9. 0-0-0 c6 10. Bd3 Ndf6 11. h3 g6 12. g4 Ng7 13. Nd2 exd4 14. exd4 Ne6 15. Rhe1 Qc7 16. Nde4 Qd8 17. Bf1 Nxe4 18. Qxe4 f5 19. gxf5 Qg5+ 20. Re3 gxf5 21. Qc2 f4 22. Ne4 Qg6 23. Ree1 Ng7 24. Bd3 Bf5 25. Rg1 Qh6 26. Ng5 f3 27. Kb1 Rae8 28. Bxf5 Rxf5 29. Ne4 Rf4 30. Rde1 Kh8 31. d5 cxd5 32. cxd5 Rff8 33. Qc7 Re5 34. Nxd6 Re2 35. Rxe2 fxe2 36. Nf7+ Rxf7 37. Qxf7 1-0

[Event "LTU-ch sf"]
[Site "Vilnius"]
[Date "2014.02.18"]
[Round "2"]
[White "Rimeikis, Andrius"]
[Black "Pileckis, Emilis"]
[Result "1/2-1/2"]
[WhiteElo "2170"]
[BlackElo "2457"]
[PlyCount "141"]
[EventDate "2014.02.17"]
[EventType "swiss"]
[EventRounds "8"]
[EventCountry "LTU"]
[SourceTitle "CBM 158 Extra"]
[Source "ChessBase"]
[SourceDate "2014.02.28"]
[SourceVersion "1"]
[SourceVersionDate "2014.02.28"]
[SourceQuality "1"]

1. e4 c5 2. Nf3 Nc6 3. Bb5 g6 4. Bxc6 dxc6 5. h3 Bg7 6. d3 Nf6 7. Qe2 Nd7 8. 0-0 Nf8 9. a4 e5 10. Nbd2 Qc7 11. Nc4 Ne6 12. g3 0-0 13. Kg2 a5 14. Bd2 b6 15. Bc3 Nd4 16. Nxd4 cxd4 17. Bd2 Be6 18. b3 f5 19. f3 fxe4 20. dxe4 Rf7 21. Qd3 Raf8 22. Rf2 Bc8 23. Rh1 Ba6 24. Ra1 Rf6 25. Bg5 R6f7 26. Bd2 Rf6 27. Bg5 Re6 28. Qd2 Rf7 29. Ra2 Re8 30. Ra1 Ref8 31. Rd1 Bc8 32. Ra1 Ba6 33. Ra2 Bb7 34. Ra1 Bc8 35. Rd1 b5 36. Nb2 h6 37. Bxh6 Bxh3+ 38. Kxh3 Bxh6 39. Qe2 Be3 40. Rff1 Qd7+ 41. Kg2 g5 42. Nd3 Qe6 43. Ra1 bxa4 44. bxa4 Qc4 45. Rae1 g4 46. Nxe5 gxf3+ 47. Rxf3 Qxe2+ 48. Rxe2 Rxf3 49. Nxf3 Rb8 50. Ne5 Rb4 51. Nxc6 Rxa4 52. c3 Kf7 53. Kf3 Ra3 54. cxd4 Bxd4+ 55. Kf4 Bc5 56. Rc2 Be3+ 57. Kf5 Bb6 58. Ne5+ Ke7 59. g4 Ra1 60. Ng6+ Kf7 61. Ne5+ Ke7 62. Nc4 Bc5 63. g5 a4 64. Rg2 a3 65. Nxa3 Rxa3 66. Rg4 Kf7 67. e5 Be7 68. Rc4 Rf3+ 69. Rf4 Rg3 70. Rg4 Rh3 71. Rc4 1/2-1/2

[Event "Riga Tech op 3rd"]
[Site "Riga"]
[Date "2013.08.07"]
[Round "4"]
[White "Van Kampen, Robin"]
[Black "Pileckis, Emilis"]
[Result "1-0"]
[WhiteElo "2606"]
[BlackElo "2467"]
[PlyCount "111"]
[EventDate "2013.08.05"]
[EventType "swiss"]
[EventRounds "9"]
[EventCountry "LAT"]
[SourceTitle "CBM 155 Extra"]
[Source "ChessBase"]
[SourceDate "2013.08.26"]
[SourceVersion "1"]
[SourceVersionDate "2013.08.26"]
[SourceQuality "1"]

1. e4 c5 2. Nf3 Nc6 3. Bb5 g6 4. Bxc6 dxc6 5. d3 Bg7 6. h3 Nf6 7. Nc3 0-0 8. 0-0 e5 9. Nxe5 Nxe4 10. Nxe4 Bxe5 11. Nxc5 Qd5 12. Ne4 f5 13. Nc3 Qd6 14. Bh6 Re8 15. Re1 Bd7 16. Qd2 b5 17. a3 c5 18. Re3 Bc6 19. Rae1 b4 20. axb4 cxb4 21. Nd1 a5 22. R3e2 f4 23. f3 Qf6 24. Rxe5 Rxe5 25. Rxe5 Qxe5 26. Bxf4 Qe7 27. Bg5 Qd6 28. Ne3 Qd4 29. c3 Qc5 30. Bf6 bxc3 31. bxc3 Rf8 32. d4 Qa7 33. Ng4 h5 34. Qg5 Be8 35. Ne5 Qa6 36. Be7 Rf5 37. Qe3 Qe6 38. Bc5 Rf7 39. c4 Rf5 40. f4 a4 41. d5 Qf6 42. Nd3 Qd8 43. Ba3 g5 44. Qe6+ Rf7 45. Bb2 Qe7 46. Qg6+ Rg7 47. Qxg7+ Qxg7 48. Bxg7 Kxg7 49. fxg5 a3 50. Nb4 Kf7 51. Kf2 Ke7 52. Ke3 Bg6 53. h4 Bb1 54. Kd4 a2 55. Nxa2 Bxa2 56. c5 1-0

[Event "Riga Tech op 3rd"]
[Site "Riga"]
[Date "2013.08.06"]
[Round "3"]
[White "Pileckis, Emilis"]
[Black "Miezis, Normunds"]
[Result "1/2-1/2"]
[WhiteElo "2467"]
[BlackElo "2557"]
[PlyCount "91"]
[EventDate "2013.08.05"]
[EventType "swiss"]
[EventRounds "9"]
[EventCountry "LAT"]
[SourceTitle "CBM 155 Extra"]
[Source "ChessBase"]
[SourceDate "2013.08.26"]
[SourceVersion "1"]
[SourceVersionDate "2013.08.26"]
[SourceQuality "1"]

1. Nf3 c5 2. c4 Nf6 3. d4 cxd4 4. Nxd4 e6 5. g3 Nc6 6. Bg2 a6 7. Nc3 Bb4 8. 0-0 0-0 9. Na4 d5 10. Be3 Ba5 11. cxd5 exd5 12. Rc1 Ne5 13. Bg5 h6 14. Bxf6 Qxf6 15. Rc5 Bb4 16. Rxd5 Be7 17. e3 Rb8 18. Nc5 g6 19. Qb3 Rd8 20. Ne4 Qg7 21. Rxd8+ Bxd8 22. Nd6 Bd7 23. f4 Ng4 24. Nxf7 Kh7 25. Ne5 Bf6 26. Ndc6 Bxc6 27. Nxg4 Bxg2 28. Kxg2 Bxb2 29. Rb1 Ba1 30. e4 h5 31. Nf2 Bd4 32. e5 Bxf2 33. Kxf2 b5 34. Rd1 Qa7+ 35. Kg2 Qb7+ 36. Kf2 Qa7+ 37. Ke2 Qb7 38. Ke3 Qb6+ 39. Ke2 Qb7 40. Qd5 b4 41. Qe6 Qe4+ 42. Kf2 Qc2+ 43. Ke1 Qe4+ 44. Kf2 Qc2+ 45. Ke1 Qe4+ 46. Kf2 1/2-1/2